| 000 | 00554nam a2200229Ia 4500 | ||
|---|---|---|---|
| 003 | OSt | ||
| 005 | 20220912145520.0 | ||
| 006 | a|||||r|||| 00| 0 | ||
| 007 | ta | ||
| 008 | 220909b |||||||| |||| 00| 0 eng d | ||
| 024 | _a69280 | ||
| 037 | _cTextual | ||
| 040 |
_aCSL _beng _cCSL |
||
| 041 | _aeng | ||
| 082 | _aLb34u73:N55, J5.2 | ||
| 245 | 0 | _aMedical research : A midcentury survey | |
| 260 | _c1955 | ||
| 300 |
_ap. _ccm. |
||
| 650 | _aMedicine | ||
| 942 |
_hLb34u73:N55, J5.2 _cTEXL _2CC |
||
| 999 |
_c33535 _d33535 |
||